Vi tính thật là đơn giản Tập 8:
Gồm các nội dung sau: Phân vùng cho ổ cứng; Cài các phiên bản Office theo ý riêng; Tắt máy tính và các thủ thuật vặt vãnh; Bảo mật; Mạng-Email-Chat; Bảo mật phòng game; Giao diện khởi động Windows; Phân quyền cho người dùng máy;...
Đã lưu trong:
| Tác giả chính: | |
|---|---|
| Định dạng: | Sách |
| Năm xuất bản: |
H.
Văn hóa-Thông tin
2007
|
| Chủ đề: | |
| Tags: |
Thêm thẻ
Không có thẻ, Hãy là người đầu tiên gắn thẻ bản ghi này!
|
| LEADER | 01455nam a2200205 4500 | ||
|---|---|---|---|
| 082 | |a 004 |b D561M | ||
| 100 | |a Dương Mạnh Hùng | ||
| 245 | |a Vi tính thật là đơn giản |c Dương Mạnh Hùng sưu tầm và biên soạn |n Tập 8: | ||
| 260 | |a H. |b Văn hóa-Thông tin |c 2007 | ||
| 300 | |a 343tr |c 29cm | ||
| 520 | |a Gồm các nội dung sau: Phân vùng cho ổ cứng; Cài các phiên bản Office theo ý riêng; Tắt máy tính và các thủ thuật vặt vãnh; Bảo mật; Mạng-Email-Chat; Bảo mật phòng game; Giao diện khởi động Windows; Phân quyền cho người dùng máy;... | ||
| 653 | |a Tin học | ||
| 653 | |a Máy tính | ||
| 942 | |2 ddc |c STK0 | ||
| 999 | |c 7244 |d 7244 | ||
| 952 | |0 0 |1 0 |2 ddc |4 0 |6 004_000000000000000_D561M |7 0 |8 000 |9 66908 |a qbu |b qbu |c D2 |d 2015-02-02 |g 74000 |o 004 D561M |p 7221.c1 |r 0000-00-00 |w 2015-02-02 |y STK0 | ||
| 952 | |0 0 |1 0 |2 ddc |4 0 |6 004_000000000000000_D561M |7 0 |8 000 |9 66909 |a qbu |b qbu |c D2 |d 2015-02-02 |g 74000 |o 004 D561M |p 7221.c2 |r 0000-00-00 |w 2015-02-02 |y STK0 | ||
| 952 | |0 0 |1 0 |2 ddc |4 0 |6 004_000000000000000_D561M |7 0 |8 000 |9 66910 |a qbu |b qbu |c D2 |d 2015-02-02 |g 74000 |o 004 D561M |p 7221.c3 |r 0000-00-00 |w 2015-02-02 |y STK0 | ||
| 952 | |0 0 |1 0 |2 ddc |4 0 |6 004_000000000000000_D561M |7 0 |8 000 |9 66911 |a qbu |b qbu |c D2 |d 2015-02-02 |g 74000 |o 004 D561M |p 7221.c4 |r 0000-00-00 |w 2015-02-02 |y STK0 | ||
| 952 | |0 0 |1 0 |2 ddc |4 0 |6 004_000000000000000_D561M |7 0 |8 000 |9 66912 |a qbu |b qbu |c D2 |d 2015-02-02 |g 74000 |o 004 D561M |p 7221.c5 |r 0000-00-00 |w 2015-02-02 |y STK0 | ||